000 01215nam a2200265 i 4500
001 7107
003 ES-MaACL
005 20240305181200.0
007 t|
008 900820s1986 fr |||| | fre d
020 _a2-86906-013-0
080 _a373(46)"17/19"
080 _a373(8.03)"17/19"
245 0 2 _aL'enseignement primaire en Espagne et en Amerique Latine du XVIIIe siecle a nos jours
_b: politiques educatives et realites scolaires /
_cActes du colloque de Tours (29-30 novembre 1985), [organisee par] Centre Interuniversitaire de Recherche sur l'Education dans le Monde Iberique et Ibero-Americain ; avant-propos par Jean-Rene Aymes, Eve-Marie Fell, Jean-Louis Guereña.
260 _aTours :
_bL'Universite,
_c1986.
300 _aVII, 632 p. ;
_c24 cm.
490 1 _aEtudes Hispaniques ;
_v6-7
650 4 _aEnseñanza primaria-
_zEspaña-
_vHistoria.
_9167960
650 1 7 _aEnseñanza primaria-
_zAmérica Latina
_2
_9167961
710 2 _aCentre Interuniversitaire de Recherche sur l'Education dans le Monde Iberique et Ibero-Americain.
_92558
710 1 _aUniversité de Tours.
_97491
830 0 _aEtudes Hispaniques ;
_v6-7
_9227856
852 _aES-MaACL
_jL-14258
999 _c7107
_d7107